000 00451nam a2200193Ia 4500
008 240510s9999 xx 000 0 und d
020 _a0000931988349
041 _aEng
082 _a004
082 _bO71
100 _aOSBORNE,ADAM
245 3 _aAN INTRODUCTION TO MICROCOMPUTERS:VOLUME 1 : BASIC CONCEPTS
250 _a2nd ed.
260 _bCALIFORNIA : OSBORNE
260 _c1980
650 _aCOMPUTING
942 _2ddc
942 _cLBK
999 _c26309
_d26309
945 _a1
_bMadushi Gamage
_c1
_dMadushi Gamage